Potrebuje Slovensko domácu verejnú diplomaciu?
Definícia verejnej diplomacie, jej rozdielny význam pre veľké a malé štáty a meniaca sa úloha ministerstva zahraničných vecí a diplomata v súčasnosti. Vzťah verejnej diplomacie a značky/brandingu krajiny. Pojem domáca verejná diplomacia. Modely, ktoré v súčasnosti implementujú jednotlivé ministerstv...
Salvato in:
| Autore principale: | |
|---|---|
| Natura: | Capitolo di libro |
| Lingua: | slovacco |
| Soggetti: | |
| Tags: |
Nessun Tag, puoi essere il primo ad aggiungerne!!
|
MARC
| LEADER | 00000naa a2200000 4500 | ||
|---|---|---|---|
| 001 | 0176021 | ||
| 005 | 20240502073013.6 | ||
| 041 | 0 | |a slo | |
| 044 | |a SK | ||
| 245 | 1 | 0 | |a Potrebuje Slovensko domácu verejnú diplomaciu? |c Lucia Kužmová |
| 520 | |a Definícia verejnej diplomacie, jej rozdielny význam pre veľké a malé štáty a meniaca sa úloha ministerstva zahraničných vecí a diplomata v súčasnosti. Vzťah verejnej diplomacie a značky/brandingu krajiny. Pojem domáca verejná diplomacia. Modely, ktoré v súčasnosti implementujú jednotlivé ministerstvá pri komunikácii s neštátnymi aktérmi a domácim obyvateľstvom, ako aj informácia o virtuálnych a sociálnych sieťach, ktoré sa snažia ministerstvá využívať. Analýza skúsenosti s verejnou a domácou verejnou diplomaciou v podmienkach SR. | ||
| 610 | 2 | 0 | |a Slovensko |
| 610 | 2 | 0 | |a diplomacia |
| 610 | 2 | 0 | |a ministerstvá |
| 610 | 2 | 0 | |a politika zahraničná |
| 100 | 1 | |a Kužmová, Lucia | |